Quizzes
Events
Quiz Creation
Community
Videos
Private Events
Remove Ads
Sign In
Join for FREE
Feedback
Dark Mode
Quiz Categories
Sports
Geography
Music
Movies
Television
Just For Fun
Miscellaneous
History
Literature
Language
Science
Gaming
Entertainment
Religion
Holiday
For Kids
Quiz Lab
Recent
Popular Today
Quiz Kudos Today
Editor Picks
Curator Picks
Quizzes by...
Day
Popularity
Type
Ratings
Length
Year
Community
Subscriptions
Recent Discussions
Orange Saloon
Badges
Playlists
Quests
Create
Leaderboards
Showdown
Live 5
Trivia Bingo
Activity
Puzzle Library
Sporcle Events
Private Events
Virtual Trivia
Globe League
Become a Host
Pub Owners
SporcleCon
Opinionation
Our Games
Videos
Blog
Mobile Apps
Partnerships
Remove Ads and Go Orange
Feedback
Music
Pop Music
The Beatles
Song
Album
Lyrics
Bands
Singers
Artist
Clip
Rock
Rap
Classical
Billboard
Country Music
Kpop
Taylor Swift
Music
Pop Music
The Beatles
Song
Album
Lyrics
Bands
Singers
Artist
Clip
Rock
Rap
Classical
Billboard
Country Music
Kpop
Taylor Swift
Random Quiz
Search Sporcle
×
Quiz Lab
Quiz Lab
Music
Stephen Sondheim
Type in answers that appear in a list
Type in answers that appear in a list
Classic
Best Score? Go Orange.
Ballad of Sweeney Todd Lyrics Stats
Can you name the lyrics to the Ballad of Sweeney Todd?
By
bella13
12m
242 Questions
493 Plays
493 Plays
493 Plays
Comments
Comments
Give Quiz Kudos
Give Quiz Kudos
-
- Ratings
hide this ad
Replay
Link that replays current quiz
Next Quiz
Link to next quiz in quiz playlist
You Got
0%
They Got
Avg Score
81%
Avg Friend Score
Upgrade to see
Score Distribution
Jump to the score distribution portion of the page
Score
0/242
Timer
12:00
0
Plays Today
Answer
% Correct
the
98%
and
98%
the
98%
a
98%
The
98%
a
98%
and
98%
And
98%
The
98%
the
98%
the
98%
A
98%
and
98%
a
98%
A
98%
and
98%
a
98%
a
98%
a
98%
and
98%
a
98%
a
98%
The
98%
and
98%
and
98%
and
98%
a
98%
and
98%
the
98%
a
98%
and
98%
a
98%
the
98%
And
98%
The
98%
to
94.5%
to
94.5%
to
94.5%
of
94.1%
of
94.1%
of
94.1%
of
94.1%
Of
94.1%
of
94.1%
of
94.1%
of
94.1%
of
94.1%
of
94.1%
of
94.1%
of
94.1%
of
94.1%
barber
93.1%
barber
93.1%
barber
93.1%
barber
93.1%
Sweeney
92.9%
Todd
92.9%
Sweeney
92.9%
Todd
92.9%
Sweeney
92.9%
Sweeney
92.9%
Todd
92.9%
Sweeney!
92.9%
Sweeney
92.9%
Todd
92.9%
Sweeney
92.9%
Sweeney
92.9%
Sweeney
92.9%
Sweeney
92.9%
Sweeney
92.9%
Sweeney
92.9%
Sweeney
92.9%
Sweeney!
92.9%
Sweeney!
92.9%
Sweeney!
92.9%
Sweeney!
92.9%
Sweeney!
92.9%
Sweeney
92.9%
Todd
92.9%
Sweeney
92.9%
Sweeney
92.9%
Answer
% Correct
Todd
92.9%
He
92.1%
He
92.1%
He
92.1%
he
92.1%
he
92.1%
he
92.1%
He
92.1%
he
92.1%
Street
91.1%
Street
91.1%
Street
91.1%
Street
91.1%
demon
90.9%
Fleet
90.9%
demon
90.9%
Fleet
90.9%
demon
90.9%
Fleet
90.9%
demon
90.9%
Fleet
90.9%
tale
89.9%
tale
89.9%
was
89.2%
was
89.2%
was
89.2%
was
89.2%
was
89.2%
was
89.2%
was
89.2%
His
88.8%
his
88.8%
His
88.8%
his
88.8%
his
88.8%
his
88.8%
Attend
88%
Attend
88%
who
85.4%
who
85.4%
it
85%
it
85%
odd
84.4%
eye
84.2%
were
84.2%
heard
84.2%
were
84.2%
were
84.2%
heard
84.2%
heard
84.2%
shaved
84%
never
84%
shaved
84%
again
83.6%
faces
83.2%
gentlemen
81.7%
that
80.5%
that
80.5%
in
80.3%
pale
79.9%
razor
79.5%
skin
79.3%
did
78.9%
Did
78.9%
London
78.7%
your
77.9%
what
77.7%
What
77.7%
Town
77.5%
shop
76.7%
thereafter
76.3%
few
76.3%
few,
76.3%
path
75.5%
Swing
74.6%
trod
74.4%
trod
74.4%
their
74.4%
their
74.4%
if
73.8%
would
73.8%
Answer
% Correct
would
73.8%
fancy
73.6%
fancy
73.6%
have
73.4%
They
73.4%
By
73.4%
By
73.4%
chair
73.4%
kept
73.2%
good
72.8%
went
72.8%
An
72.8%
those
72.4%
god
72.4%
dark
71.6%
maker
71.2%
us
71%
away
71%
Not
71%
Not
71%
Hold
70.6%
served
70.6%
saved?
70.4%
bare:
70.2%
renown
70%
give
70%
wide
69.8%
skies!
69.8%
want
69.8%
souls
69.6%
none
69.2%
wouldn't
69.2%
room
69%
well,
68.6%
impeccably
68.4%
that's
68.4%
blood
68%
vengeful
68%
play
67.5%
clients
67.3%
then,
65.7%
moralize!
65.5%
needs
65.3%
For
64.9%
happened
64.1%
mop
61.1%
Freely
60.9%
nobody
60.4%
flows
60%
nod
58.6%
music
58.6%
rats
57.6%
Like
57%
Quick
56.6%
scuttle
56.4%
neatness
55.2%
pail
55%
subtle
55%
apron,
54.4%
deserved
54.4%
quiet
54%
machine
53.8%
lavabo
53.5%
perfect
52.7%
clean,
52.5%
planned
52.5%
planned
52.5%
leather
51.9%
blink,
51.1%
word
49.9%
towel,
49.5%
strop
49.1%
Back
46.9%
smile,
46.9%
mug
46.7%
smooth,
46.5%
suds
46%
Inconspicuous,
45.8%
under
45.6%
pondered
43%
Quiz Playlist
Details
Report
Send in Message
Add To Playlist
Classic:
Type in answers that appear in a list
Last Updated: Feb 16, 2017
Quiz Scoreboard
CHALLENGE
Sign Up to Join the Scoreboard
Show All
Scores
Hide
Comments
May contain spoilers
Recently Published
An Introduction to Baseball
by treessimontrees
Sports
5m
Movies - When Are They Set?
by FPL_Elf
Movies
5m
Popular People in 1961
by mucciniale
History
6m
More to Explore
Quiz From the Vault
Featured Blog Post
Where Did the Easter Bunny Come From?
hide this ad
You Might Also Like...
Tags
ballad
sondheim
Stephen Sondheim
Sweeney
Sweeney Todd
todd
Today's Top Quizzes in Music
Browse Music
hide this ad
Today's Top Quizzes in Stephen Sondheim
Browse Stephen Sondheim
Top Contributed Quizzes in Music
1
Taylor Swift All Songs (2024)
2
Guess the Artist- 70s Songs
3
One Thing in Common: Music
4
KPOP LOGIC QUIZ
5
2010s Album by Cover III
6
Taylor Swift Logic Puzzle
7
Guess the Taylor Swift song (Mystery Song)
8
7-to-1: Billboard Hot 100 #1 Hits of 2010s
9
2010s Album by Cover IV
10
2010s Album by Cover V
Explore More
Trending Topics
Harry Potter
Disney
NBA
Anime
Crossword
Marvel
Kpop
The Office
Pokémon
Song
WWE
NFL
Country
Soccer
Puzzle
hide this ad
More By:
bella13
Quiz
Plays
Rating
Category
Featured
Created
'All You Wanna Do' from SIX (Part I)
1,680
5.00
Music
Oct 7, 2018
'Don't Lose Ur Head' from SIX (Part I)
1,019
5.00
Music
Oct 6, 2018
'All You Wanna Do' from SIX (Part II)
546
5.00
Music
Oct 7, 2018
Ballad of Sweeney Todd Lyrics
493
5.00
Music
Apr 11, 2015
'Don't Lose Ur Head' from SIX (Part II)
411
Music
Oct 6, 2018
Go to Creator's Profile
Score Distribution
Quiz Creator Spotlight
bella13
Follow
Send a Message
Quizzes Created
-
Created Quiz Play Count
-
More By This Creator
Popular Quizzes Today
1
Find the Countries of Europe - No Outlines Minefield
2
Find the US States - No Outlines Minefield
3
The Countries of the World
4
Popular People in 1961
5
Find the US States
6
US States
7
1-10 Letter E Words III
8
Risky Map Clicking: Biggest States A-Z
More Music Quizzes
LANA DEL REY SONG CLUES (October 2020)
Quiz Lab
Trending Quizzes
Risky Map Clicking: Least Populous States A-Z
1-10 Letter F Words
1-10 Letter G Words
Not Quite an Element Typing Challenge
One Thing in Common: United Kingdom
Recently Updated
Leaping Animals
pecheneg
Reality TV Shows (A-Z)
bhenderson79
Rickey Henderson's Hall of Fame Teammates
pecheneg
Champions League XIs: Arsenal
pecheneg
Quick Pick: Celebrities in WWE's Hall of Fame
aduchscher
A-Z Keypad Blitz II
pecheneg
Multiple Oscar Actors
pecheneg
Mystery Phrase Blitz: Oscar 'Best Actors'
pecheneg
F. Scott Fitzgerald Novels
LTH
Pick 3 Villains
ddd62291
Trending Topics
Anime
Kpop
Marvel
NBA
Harry Potter
Crossword
Disney
Puzzle
Song
Soccer
NFL
The Office
Pokémon
Country
WWE
Your Account Isn't Verified!
In order to create a playlist on Sporcle, you need to verify the email address you used during registration. Go to your
Sporcle Settings
to finish the process.
Report this User
Report this user for behavior that violates our
Community Guidelines
.
Details:
Send Report
Go to the Sporcle.com Mobile Site →
Comments